[Event "Titled Tuesday intern op 02nd May Early"]
[Site "Chess.com INT"]
[Date "2023.05.02"]
[Round "6"]
[White "Korchmar, Vasiliy"]
[Black "Reefat, Bin Sattar"]
[Result "1-0"]
[WhiteElo "2438"]
[BlackElo "2352"]
[PlyCount "73"]
[EventDate "2023.05.02"]
[EventType "swiss (blitz)"]
[EventRounds "11"]
[EventCountry "USA"]
[SourceTitle "EXT 2024"]
[Source "ChessBase"]
[SourceDate "2023.10.10"]
[SourceVersion "1"]
[SourceVersionDate "2023.10.10"]
[SourceQuality "1"]

1. e4 e6 2. d4 d5 3. e5 c5 4. c3 Nc6 5. Nf3 Bd7 6. Be2 Nge7 7. Na3 cxd4 8. cxd4 Nf5 9. Nc2 a5 10. 0-0 h5 11. Bd3 Be7 12. g3 g5 13. Bxf5 exf5 14. Ne3 Be6 15. Qd3 Qd7 16. Ng2 Rg8 17. h4 f4 18. Nxg5 Bxg5 19. hxg5 Bf5 20. Qc3 f3 21. Nh4 Be4 22. Kh2 Qg4 23. Qc5 Rd8 24. Bf4 Ne7 25. Qb5+ Rd7 26. Rfc1 Rxg5 27. Bxg5 Qxg5 28. Rc7 Bf5 29. Nxf5 Qxf5 30. Qxd7+ Qxd7 31. Rxd7 Kxd7 32. Rd1 Nc6 33. Rd3 Ke6 34. Kh3 b5 35. Kh4 b4 36. Kxh5 a4 37. g4 1-0

[Event "Titled Tuesday intern op 02nd May Early"]
[Site "Chess.com INT"]
[Date "2023.05.02"]
[Round "1"]
[White "Reefat, Bin Sattar"]
[Black "Demchenko, Anton"]
[Result "0-1"]
[WhiteElo "2352"]
[BlackElo "2623"]
[PlyCount "54"]
[EventDate "2023.05.02"]
[EventType "swiss (blitz)"]
[EventRounds "11"]
[EventCountry "USA"]
[SourceTitle "EXT 2024"]
[Source "ChessBase"]
[SourceDate "2023.10.10"]
[SourceVersion "1"]
[SourceVersionDate "2023.10.10"]
[SourceQuality "1"]

1. e4 e5 2. Nf3 Nc6 3. Bc4 d6 4. d4 Nf6 5. Nc3 Bg4 6. dxe5 Nxe5 7. Be2 Ng6 8. Be3 Be7 9. Qd2 0-0 10. 0-0-0 c6 11. h4 b5 12. h5 Ne5 13. Nxe5 dxe5 14. Qe1 Qc7 15. h6 g6 16. Bg5 Be6 17. f4 b4 18. Na4 exf4 19. Qh4 Qe5 20. Bf3 Rfe8 21. Bxf4 Qa5 22. Bg5 Qxa4 23. Bxf6 Bf8 24. Bg7 Qxa2 25. Bxf8 Qa1+ 26. Kd2 Qxb2 27. Bg7 Rad8+ 0-1

[Event "Titled Tuesday intern op 02nd May Early"]
[Site "Chess.com INT"]
[Date "2023.05.02"]
[Round "5"]
[White "Reefat, Bin Sattar"]
[Black "Torres Dominguez, David"]
[Result "1-0"]
[WhiteElo "2352"]
[BlackElo "1994"]
[PlyCount "89"]
[EventDate "2023.05.02"]
[EventType "swiss (blitz)"]
[EventRounds "11"]
[EventCountry "USA"]
[SourceTitle "EXT 2024"]
[Source "ChessBase"]
[SourceDate "2023.10.10"]
[SourceVersion "1"]
[SourceVersionDate "2023.10.10"]
[SourceQuality "1"]

1. e4 e5 2. Nf3 Nc6 3. Bc4 Bc5 4. d3 Nf6 5. a4 a6 6. c3 d6 7. h3 Ba7 8. Bb3 h6 9. Nbd2 Qe7 10. Nf1 Be6 11. Ng3 0-0-0 12. 0-0 g5 13. d4 exd4 14. cxd4 d5 15. e5 Ne4 16. Be3 g4 17. hxg4 Bxg4 18. Rc1 Nxg3 19. fxg3 Nxe5 20. Bf4 f6 21. Qe1 Rd7 22. Kh2 Bxf3 23. dxe5 Be4 24. exf6 Qf7 25. Bxc7 Rxc7 26. Qxe4 Qh5+ 27. Qh4 Qxh4+ 28. gxh4 Rxc1 29. Rxc1+ Kd8 30. Bxd5 Rf8 31. f7 Bd4 32. b3 b6 33. Kh3 Ke7 34. Rd1 Bc5 35. Bc4 Kf6 36. Rf1+ Kg7 37. g4 a5 38. g5 hxg5 39. hxg5 Bd6 40. Kg4 Be7 41. Rd1 Bc5 42. Rd7 Rh8 43. Kf5 Rf8 44. g6 Bd4 45. Rxd4 1-0

[Event "BAN-ch 47th"]
[Site "Dhaka"]
[Date "2022.12.23"]
[Round "8"]
[White "Reefat, Bin Sattar"]
[Black "Zia, Tahsin Tajwar"]
[Result "0-1"]
[WhiteElo "2367"]
[BlackElo "2255"]
[PlyCount "92"]
[EventDate "2022.12.15"]
[EventType "tourn"]
[EventRounds "13"]
[EventCountry "BAN"]
[EventCategory "1"]
[SourceTitle "CBM 212 Extra"]
[Source "ChessBase"]
[SourceDate "2023.03.31"]
[SourceVersion "1"]
[SourceVersionDate "2023.03.31"]
[SourceQuality "1"]

1. e4 c6 2. d4 d5 3. exd5 cxd5 4. Bd3 Nc6 5. c3 Qc7 6. Na3 a6 7. Nc2 Nf6 8. h3 g6 9. Nf3 Bf5 10. 0-0 Bxd3 11. Qxd3 Bg7 12. Re1 0-0 13. Ne5 Ne4 14. f3 Nxe5 15. dxe5 Nc5 16. Qe3 Rac8 17. Bd2 e6 18. Nd4 Nd7 19. f4 Nc5 20. h4 Ne4 21. h5 Qb6 22. hxg6 hxg6 23. Rab1 f5 24. Re2 Rce8 25. b3 Qc7 26. Qh3 Kf7 27. Rxe4 dxe4 28. c4 Rh8 29. Qg3 Rh5 30. Be3 g5 31. Ne2 Reh8 32. Kf2 g4 33. Bd4 Bf8 34. Qe3 Rh2 35. Bb6 Qd7 36. Qd4 Qc6 37. Qe3 R8h3 38. Ng3 Be7 39. Kg1 Rh1+ 40. Nxh1 Rxe3 41. Bxe3 Bc5 42. Re1 Bxe3+ 43. Rxe3 Qc5 44. Kf2 Qd4 45. Ng3 Qd2+ 46. Ne2 Qxa2 0-1

[Event "BAN-ch 47th"]
[Site "Dhaka"]
[Date "2022.12.21"]
[Round "6"]
[White "Reefat, Bin Sattar"]
[Black "Hossain, Enamul"]
[Result "0-1"]
[WhiteElo "2367"]
[BlackElo "2372"]
[PlyCount "86"]
[EventDate "2022.12.15"]
[EventType "tourn"]
[EventRounds "13"]
[EventCountry "BAN"]
[EventCategory "1"]
[SourceTitle "CBM 212 Extra"]
[Source "ChessBase"]
[SourceDate "2023.03.31"]
[SourceVersion "1"]
[SourceVersionDate "2023.03.31"]
[SourceQuality "1"]

1. e4 c5 2. b3 Nc6 3. Bb2 e5 4. Bb5 Nd4 5. Bc4 Nf6 6. Nc3 Be7 7. Nge2 0-0 8. Ng3 d6 9. 0-0 a6 10. a4 Bg4 11. f3 Be6 12. f4 Rb8 13. f5 Bxc4 14. bxc4 b5 15. cxb5 axb5 16. Nd5 bxa4 17. Bxd4 exd4 18. Rxa4 Nxd5 19. exd5 Bf6 20. Qg4 Re8 21. Nh5 Kf8 22. Ra3 Rb4 23. Nf4 Qb6 24. h4 Rb1 25. Raf3 Ree1 26. Nd3 Rxf1+ 27. Rxf1 c4 28. Nf2 Rxf1+ 29. Kxf1 Qb1+ 30. Qd1 Qb5 31. g3 Qxd5 32. d3 c3 33. Qg4 Qb7 34. Qe2 Be5 35. Ne4 h6 36. Kg2 Qb1 37. Nf2 Qc1 38. Qe4 Kg8 39. Qa8+ Kh7 40. Qa2 Qe3 41. Qxf7 Qxg3+ 42. Kf1 Bf6 43. h5 Qe3 0-1

[Event "BAN-ch 47th"]
[Site "Dhaka"]
[Date "2022.12.18"]
[Round "4"]
[White "Reefat, Bin Sattar"]
[Black "Shawket Bin, Osman Shaon"]
[Result "1-0"]
[WhiteElo "2367"]
[BlackElo "2088"]
[PlyCount "99"]
[EventDate "2022.12.15"]
[EventType "tourn"]
[EventRounds "13"]
[EventCountry "BAN"]
[EventCategory "1"]
[SourceTitle "CBM 212 Extra"]
[Source "ChessBase"]
[SourceDate "2023.03.31"]
[SourceVersion "1"]
[SourceVersionDate "2023.03.31"]
[SourceQuality "1"]

1. e4 e5 2. Nf3 Nc6 3. d4 exd4 4. Nxd4 Nf6 5. Nxc6 bxc6 6. Nd2 Bc5 7. Bd3 d5 8. 0-0 0-0 9. Qf3 Re8 10. h3 Bb6 11. a4 a5 12. exd5 cxd5 13. Nb3 Ba6 14. Bxa6 Rxa6 15. Bf4 Ra8 16. Rad1 Re4 17. Rfe1 Qe8 18. Rxe4 dxe4 19. Qc3 Rd8 20. Rxd8 Qxd8 21. Qd2 Qe8 22. c4 e3 23. fxe3 Ne4 24. Qd5 c6 25. Qe5 Bxe3+ 26. Kf1 Qd8 27. Qb8 Qxb8 28. Bxb8 Nd2+ 29. Ke2 Nxb3 30. Kxe3 Nc5 31. Kd4 Nxa4 32. b3 Nb6 33. Bc7 Nd7 34. Bxa5 f5 35. Bd2 Kf7 36. b4 Ke6 37. b5 c5+ 38. Kd3 Ne5+ 39. Kc3 Nf7 40. Kb3 Kd7 41. Be3 g5 42. Bxc5 h5 43. Bd4 f4 44. c5 g4 45. h4 f3 46. gxf3 gxf3 47. c6+ Kd6 48. Kc4 Nh6 49. Bc5+ Kc7 50. Kd5 1-0

[Event "BAN-ch 47th"]
[Site "Dhaka"]
[Date "2022.12.15"]
[Round "1"]
[White "Rahman, Ziaur"]
[Black "Reefat, Bin Sattar"]
[Result "1-0"]
[WhiteElo "2464"]
[BlackElo "2367"]
[PlyCount "65"]
[EventDate "2022.12.15"]
[EventType "tourn"]
[EventRounds "13"]
[EventCountry "BAN"]
[EventCategory "1"]
[SourceTitle "CBM 212 Extra"]
[Source "ChessBase"]
[SourceDate "2023.03.31"]
[SourceVersion "1"]
[SourceVersionDate "2023.03.31"]
[SourceQuality "1"]

1. d4 e6 2. c4 b6 3. e4 Bb7 4. Bd3 Bb4+ 5. Kf1 Be7 6. Nc3 d6 7. Nf3 Nd7 8. Qe2 a6 9. Bd2 Bf6 10. h4 Ne7 11. Rd1 c5 12. d5 h6 13. h5 g5 14. Bc2 b5 15. dxe6 fxe6 16. cxb5 axb5 17. Nxb5 0-0 18. Nxd6 Ba6 19. Nc4 Nc6 20. Bd3 Nd4 21. Nxd4 Bxd4 22. Be3 Qf6 23. e5 Qg7 24. Re1 Bb7 25. Bxd4 cxd4 26. Nd6 Bd5 27. Bc4 Nb6 28. b3 Nxc4 29. bxc4 Bc6 30. Rh3 Ra5 31. Rb3 Qa7 32. Rb2 Ra3 33. Qg4 1-0

[Event "BAN-chT Premier"]
[Site "Dhaka"]
[Date "2022.12.10"]
[Round "11.1"]
[White "Zia, Tahsin Tajwar"]
[Black "Reefat, Bin Sattar"]
[Result "1-0"]
[WhiteElo "2241"]
[BlackElo "2367"]
[PlyCount "73"]
[EventDate "2022.11.30"]
[EventType "team-tourn"]
[EventRounds "11"]
[EventCountry "BAN"]
[SourceTitle "CBM 211 Extra"]
[Source "ChessBase"]
[SourceDate "2023.01.31"]
[SourceVersion "1"]
[SourceVersionDate "2023.01.31"]
[SourceQuality "1"]
[WhiteTeam "Palli Sanchoy Bank"]
[BlackTeam "Manha's Castle"]
[WhiteTeamCountry "BAN"]
[BlackTeamCountry "BAN"]

1. d4 d5 2. c4 c6 3. Nf3 Nf6 4. g3 dxc4 5. Bg2 Nbd7 6. a4 a5 7. 0-0 Nb6 8. Qc2 g6 9. e4 Bg7 10. Na3 0-0 11. Rd1 h6 12. h3 Be6 13. Ne5 Nfd7 14. Nexc4 f5 15. d5 cxd5 16. exd5 Bf7 17. Be3 Nxc4 18. Nxc4 Rc8 19. Qb3 g5 20. f4 Nc5 21. Qc2 Bh5 22. Rd2 Bg6 23. Qd1 Ne4 24. Bxe4 fxe4 25. Nb6 gxf4 26. gxf4 Bf5 27. Nxc8 Qxc8 28. Rc1 Qe8 29. Kh2 Bd7 30. Rg2 Kh7 31. Bd4 Bf6 32. Bxf6 Rxf6 33. Qd4 Bxh3 34. Qxe4+ Bf5 35. Qe2 Qd7 36. Re1 Rf7 37. Qe5 1-0

[Event "BAN-chT Premier"]
[Site "Dhaka"]
[Date "2022.12.08"]
[Round "9.2"]
[White "Swarnavo, Choudhury"]
[Black "Reefat, Bin Sattar"]
[Result "0-1"]
[WhiteElo "1977"]
[BlackElo "2367"]
[PlyCount "60"]
[EventDate "2022.11.30"]
[EventType "team-tourn"]
[EventRounds "11"]
[EventCountry "BAN"]
[SourceTitle "CBM 211 Extra"]
[Source "ChessBase"]
[SourceDate "2023.01.31"]
[SourceVersion "1"]
[SourceVersionDate "2023.01.31"]
[SourceQuality "1"]
[WhiteTeam "Rupali Bank Krira Parisad"]
[BlackTeam "Manha's Castle"]
[WhiteTeamCountry "BAN"]
[BlackTeamCountry "BAN"]

1. e4 e6 2. d3 c5 3. g3 Nc6 4. Nf3 g6 5. c3 Nge7 6. Bg2 Bg7 7. Qe2 d6 8. 0-0 0-0 9. Rd1 e5 10. Nbd2 h6 11. Nf1 Be6 12. h4 d5 13. N1h2 Qd7 14. Be3 d4 15. Bd2 b5 16. cxd4 cxd4 17. Ne1 f5 18. f4 Rae8 19. Rdc1 exf4 20. Bxf4 fxe4 21. Bxe4 Nd5 22. Qg2 Nce7 23. Bd2 Bh3 24. Qe2 Qd6 25. g4 Qg3+ 26. Kh1 Rf2 27. Bxd5+ Nxd5 28. Qe3 Re6 29. Qxe6+ Kh7 30. Qe8 Rxh2# 0-1

[Event "BAN-chT Premier"]
[Site "Dhaka"]
[Date "2022.12.03"]
[Round "4.3"]
[White "Rahman, Syed Mahfuzur"]
[Black "Reefat, Bin Sattar"]
[Result "0-1"]
[WhiteElo "2130"]
[BlackElo "2367"]
[PlyCount "78"]
[EventDate "2022.11.30"]
[EventType "team-tourn"]
[EventRounds "11"]
[EventCountry "BAN"]
[SourceTitle "CBM 211 Extra"]
[Source "ChessBase"]
[SourceDate "2023.01.31"]
[SourceVersion "1"]
[SourceVersionDate "2023.01.31"]
[SourceQuality "1"]
[WhiteTeam "Titas CC"]
[BlackTeam "Manha's Castle"]
[WhiteTeamCountry "BAN"]
[BlackTeamCountry "BAN"]

1. d4 d5 2. c4 c6 3. Nc3 Nf6 4. e3 a6 5. Nf3 e6 6. Qc2 Nbd7 7. b3 Bd6 8. Bb2 Qe7 9. Rd1 b5 10. Be2 0-0 11. 0-0 Bb7 12. e4 dxe4 13. Nxe4 Nxe4 14. Qxe4 bxc4 15. bxc4 Nf6 16. Qh4 c5 17. d5 exd5 18. Bxf6 Qxf6 19. Qxf6 gxf6 20. cxd5 Rfe8 21. Rfe1 Re4 22. Nd2 Rd4 23. Nc4 Rd8 24. Ne3 Bf4 25. Nf5 Ra4 26. Bf3 Kf8 27. Re2 Bc8 28. Ne7 Bd7 29. Rde1 Re8 30. g3 Bb5 31. Re4 Bd2 32. Rxa4 Bxe1 33. Rh4 Rxe7 34. Rxh7 Kg8 35. Rh4 c4 36. a4 Bxa4 37. Rxc4 Bb5 38. d6 Re8 39. Rc7 Ba5 0-1

[Event "BAN-ch 46th"]
[Site "Dhaka"]
[Date "2021.12.30"]
[Round "4"]
[White "Md, Sharif Hossain"]
[Black "Reefat, Bin Sattar"]
[Result "1/2-1/2"]
[WhiteElo "2211"]
[BlackElo "2394"]
[PlyCount "20"]
[EventDate "2021.12.27"]
[EventType "tourn"]
[EventRounds "13"]
[EventCountry "BAN"]
[EventCategory "1"]
[SourceTitle "EXT 2023"]
[Source "ChessBase"]
[SourceDate "2022.10.05"]
[SourceVersion "1"]
[SourceVersionDate "2022.10.05"]
[SourceQuality "1"]

1. e4 e6 2. d4 d5 3. Nc3 Nf6 4. e5 Nfd7 5. f4 c5 6. Nf3 Nc6 7. Be3 a6 8. a3 b5 9. dxc5 Bxc5 10. Bxc5 Nxc5 1/2-1/2

[Event "BAN-ch 46th"]
[Site "Dhaka"]
[Date "2021.12.29"]
[Round "3"]
[White "Reefat, Bin Sattar"]
[Black "Rahman, Ziaur"]
[Result "0-1"]
[WhiteElo "2394"]
[BlackElo "2413"]
[PlyCount "98"]
[EventDate "2021.12.27"]
[EventType "tourn"]
[EventRounds "13"]
[EventCountry "BAN"]
[EventCategory "1"]
[SourceTitle "EXT 2023"]
[Source "ChessBase"]
[SourceDate "2022.10.05"]
[SourceVersion "1"]
[SourceVersionDate "2022.10.05"]
[SourceQuality "1"]

1. e4 c5 2. Nf3 d6 3. d4 cxd4 4. Nxd4 Nf6 5. Nc3 Nc6 6. Bc4 Qb6 7. Nb3 e6 8. Bf4 Ne5 9. Be2 Bd7 10. 0-0 Be7 11. a4 a6 12. a5 Qc7 13. Bg3 0-0 14. Nd2 b5 15. axb6 Qxb6 16. Ra2 Bc6 17. Qa1 Bb7 18. Kh1 Rfc8 19. f4 Nc6 20. e5 dxe5 21. fxe5 Nd7 22. Nc4 Qd8 23. Qd1 Nb4 24. Ra1 Nc5 25. Nd6 Bxd6 26. exd6 Nd7 27. Qd2 Rab8 28. Bh5 f6 29. Bg4 e5 30. Rad1 Kh8 31. Bf5 Bc6 32. Qe2 Qe8 33. Rd2 Rd8 34. Ne4 Nf8 35. Nxf6 gxf6 36. Bh4 Nd7 37. Bxd7 Rxd7 38. Bxf6+ Kg8 39. Rf5 h6 40. Rxe5 Qg6 41. Be7 Kh7 42. Kg1 Rg8 43. g3 Bb5 44. c4 Bc6 45. Rd4 Rg7 46. Re6 Qf5 47. Bf6 Bf3 48. Qe5 Qh3 49. Rd2 Nd3 0-1

[Event "BAN-ch 46th"]
[Site "Dhaka"]
[Date "2021.12.28"]
[Round "2"]
[White "Murshed, Niaz"]
[Black "Reefat, Bin Sattar"]
[Result "0-1"]
[WhiteElo "2419"]
[BlackElo "2394"]
[PlyCount "58"]
[EventDate "2021.12.27"]
[EventType "tourn"]
[EventRounds "13"]
[EventCountry "BAN"]
[EventCategory "1"]
[SourceTitle "EXT 2023"]
[Source "ChessBase"]
[SourceDate "2022.10.05"]
[SourceVersion "1"]
[SourceVersionDate "2022.10.05"]
[SourceQuality "1"]

1. d4 e6 2. c4 b6 3. a3 g6 4. Nc3 Bg7 5. e4 Ne7 6. Nf3 h6 7. Be2 Bb7 8. Be3 d5 9. cxd5 exd5 10. e5 Nd7 11. 0-0 c5 12. Nb5 0-0 13. Qd2 Kh7 14. Bd3 Ba6 15. a4 cxd4 16. Bxd4 Nc5 17. Bxc5 bxc5 18. Rfe1 Qb6 19. b3 Rad8 20. Qf4 Nc6 21. Rad1 Nb4 22. Bb1 d4 23. e6 fxe6 24. Qg4 Rf6 25. Ne5 d3 26. Nc4 Qb8 27. h4 Bxb5 28. axb5 Rd4 29. Re4 h5 0-1

[Event "Online Olym Div2 A"]
[Site "Chess.com INT"]
[Date "2021.09.04"]
[Round "7.5"]
[White "Reefat, Bin Sattar"]
[Black "Yu, Ruiyuan"]
[Result "0-1"]
[WhiteElo "2394"]
[BlackElo "2497"]
[PlyCount "118"]
[EventDate "2021.09.02"]
[EventType "team (rapid)"]
[EventRounds "9"]
[EventCountry "USA"]
[SourceTitle "CBM 204 Extra"]
[Source "ChessBase"]
[SourceDate "2021.11.30"]
[SourceVersion "1"]
[SourceVersionDate "2021.11.30"]
[SourceQuality "1"]
[WhiteTeam "Bangladesh"]
[BlackTeam "Shenzhen China"]
[WhiteTeamCountry "BAN"]
[BlackTeamCountry "CHN"]

1. e4 d5 2. exd5 Qxd5 3. Nc3 Qa5 4. d4 Nf6 5. Bc4 c6 6. Nf3 Bf5 7. Ne5 e6 8. g4 Bg6 9. h4 Nbd7 10. Nxd7 Nxd7 11. h5 Be4 12. 0-0 Bd5 13. Bd3 Bd6 14. f4 0-0-0 15. a3 Qb6 16. Be3 c5 17. Na4 Qc6 18. c4 Be4 19. Bxe4 Qxe4 20. Qf3 Qxf3 21. Rxf3 b6 22. dxc5 Nxc5 23. Nc3 Be7 24. f5 Nd3 25. fxe6 fxe6 26. Rf7 Rd7 27. Rxg7 Bc5 28. Rxd7 Bxe3+ 29. Kg2 Kxd7 30. Rd1 Ke7 31. Rxd3 Bc1 32. b3 Bxa3 33. Nb5 Bc5 34. Nxa7 Kf6 35. Nc6 Rc8 36. Rf3+ Kg5 37. Ne5 Bd4 38. Nf7+ Kxg4 39. h6 Ra8 40. Rg3+ Kh5 41. Rg5+ Kh4 42. Kf3 Bf6 43. Rb5 Rf8 44. Rxb6 Rxf7 45. Rxe6 Kg5 46. Ke4 Rb7 47. c5 Rxb3 48. c6 Rc3 49. Kd5 Bd8 50. Kd4 Rc1 51. Kd5 Bb6 52. Kd6 Rd1+ 53. Ke7 Rh1 54. Re5+ Kxh6 55. Rb5 Bc7 56. Kd7 Bg3 57. Rc5 Rd1+ 58. Ke8 Bc7 59. Rb5 Rd6 0-1

[Event "Sheikh Kamal Online Inv"]
[Site "Tornelo INT"]
[Date "2021.08.29"]
[Round "7"]
[White "Reefat, Bin Sattar"]
[Black "Md Abu, Hanif"]
[Result "1-0"]
[WhiteElo "2394"]
[BlackElo "2045"]
[PlyCount "75"]
[EventDate "2021.08.27"]
[EventType "tourn (rapid)"]
[EventRounds "9"]
[EventCountry "BAN"]
[SourceTitle "CBM 204 Extra"]
[Source "ChessBase"]
[SourceDate "2021.11.30"]
[SourceVersion "1"]
[SourceVersionDate "2021.11.30"]
[SourceQuality "1"]

1. e4 e6 2. d4 d5 3. e5 c5 4. c3 cxd4 5. cxd4 Nc6 6. Nc3 Bd7 7. Nf3 a6 8. Bd3 Rc8 9. 0-0 Nge7 10. a3 Ng6 11. g3 Be7 12. h4 Qb6 13. h5 Nxd4 14. hxg6 hxg6 15. Kg2 Nb3 16. Rb1 Nxc1 17. Rxc1 Qxb2 18. Ne2 Rxc1 19. Qxc1 Qb3 20. Qe3 Qxa3 21. Rc1 Bd8 22. Nfd4 Bb6 23. Rc8+ Bd8 24. Nxe6 Bxc8 25. Bb5+ axb5 26. Qxa3 Bxe6 27. Nd4 Bd7 28. Qd6 Bh3+ 29. Kg1 Bg4 30. e6 fxe6 31. Nxe6 Be7 32. Nc7+ Kf7 33. Qxd5+ Kf8 34. Qxb5 Kf7 35. Qc4+ Kf8 36. Qxg4 Rh6 37. Qc8+ Kf7 38. Qe8+ 1-0

[Event "Sheikh Kamal Online Inv"]
[Site "Tornelo INT"]
[Date "2021.08.29"]
[Round "9"]
[White "Reefat, Bin Sattar"]
[Black "Priasmoro, Novendra"]
[Result "1-0"]
[WhiteElo "2394"]
[BlackElo "2502"]
[PlyCount "83"]
[EventDate "2021.08.27"]
[EventType "tourn (rapid)"]
[EventRounds "9"]
[EventCountry "BAN"]
[SourceTitle "CBM 204 Extra"]
[Source "ChessBase"]
[SourceDate "2021.11.30"]
[SourceVersion "1"]
[SourceVersionDate "2021.11.30"]
[SourceQuality "1"]

1. e4 c5 2. b3 Nc6 3. Bb2 Nf6 4. e5 Nd5 5. Nf3 e6 6. Bb5 Qb6 7. a4 a6 8. Bc4 Be7 9. 0-0 0-0 10. d4 cxd4 11. Nxd4 Nf4 12. Nf3 Na5 13. Nbd2 d5 14. exd6 Bxd6 15. g3 Ng6 16. Bd3 Qc7 17. Re1 Nc6 18. Nc4 Bb4 19. Re2 Rd8 20. Qc1 f6 21. Qf1 e5 22. Qg2 Be6 23. h4 Bc5 24. h5 Nf8 25. Rae1 Bg4 26. h6 Bd4 27. Nxd4 Nxd4 28. Bxd4 Bxe2 29. Bb6 Qf7 30. Rxe2 Rd7 31. Ne3 Kh8 32. hxg7+ Qxg7 33. Nf5 Qf7 34. Re4 Qe6 35. Rb4 Rxd3 36. cxd3 Qxf5 37. Qxb7 Re8 38. Qf7 Ra8 39. Bc5 Ne6 40. Be7 Ng7 41. Bxf6 Rg8 42. Qxg7+ 1-0

[Event "Sheikh Kamal Online Inv"]
[Site "Tornelo INT"]
[Date "2021.08.27"]
[Round "3"]
[White "Reefat, Bin Sattar"]
[Black "Mohammad, Javed"]
[Result "0-1"]
[WhiteElo "2394"]
[BlackElo "2073"]
[PlyCount "72"]
[EventDate "2021.08.27"]
[EventType "tourn (rapid)"]
[EventRounds "9"]
[EventCountry "BAN"]
[SourceTitle "CBM 204 Extra"]
[Source "ChessBase"]
[SourceDate "2021.11.30"]
[SourceVersion "1"]
[SourceVersionDate "2021.11.30"]
[SourceQuality "1"]

1. e4 e5 2. Nf3 Nc6 3. Bc4 Bc5 4. d3 Nf6 5. a4 a6 6. Nbd2 d6 7. h3 h6 8. c3 Bb6 9. Bb3 0-0 10. Nf1 d5 11. Qe2 Re8 12. g4 dxe4 13. dxe4 Be6 14. Bxe6 Rxe6 15. Ng3 Qd7 16. g5 hxg5 17. Bxg5 Nh7 18. h4 f6 19. Rd1 Rd6 20. Rxd6 Qxd6 21. Bc1 Rd8 22. Nf5 Qd3 23. Qxd3 Rxd3 24. Ke2 Rd7 25. Rg1 Nf8 26. h5 Kh7 27. N3h4 Nd8 28. Ng6 Nxg6 29. hxg6+ Kg8 30. Rg2 Ne6 31. Ng3 Nc5 32. Rh2 Nd3 33. Be3 Bxe3 34. fxe3 Nxb2 35. Nf5 Nxa4 36. Rh7 Nb6 0-1

[Event "BAN Games 9th"]
[Site "Dhaka"]
[Date "2021.04.07"]
[Round "4.2"]
[White "Reefat, Bin Sattar"]
[Black "Mollah Abdullah, Al Rakib"]
[Result "1/2-1/2"]
[WhiteElo "2401"]
[BlackElo "2464"]
[PlyCount "66"]
[EventDate "2021.04.04"]
[EventType "team-swiss"]
[EventRounds "5"]
[EventCountry "BAN"]
[SourceTitle "CBM 202 Extra"]
[Source "ChessBase"]
[SourceDate "2021.07.31"]
[SourceVersion "1"]
[SourceVersionDate "2021.07.31"]
[SourceQuality "1"]
[WhiteTeam "Bangladesh Ansar/VDP"]
[BlackTeam "Bangladesh Police"]
[WhiteTeamCountry "BAN"]
[BlackTeamCountry "BAN"]

1. e4 e5 2. Nf3 Nc6 3. d4 exd4 4. Nxd4 Nxd4 5. Qxd4 Qf6 6. Be3 Qxd4 7. Bxd4 Ne7 8. a3 b6 9. Nc3 Bb7 10. Nb5 0-0-0 11. Nxa7+ Kb8 12. Nb5 Bxe4 13. 0-0-0 f6 14. b4 Bb7 15. Kb2 Nf5 16. Bc3 c6 17. Nd4 Nxd4 18. Bxd4 c5 19. bxc5 Bxc5 20. h4 Rhe8 21. Rh3 Bc6 22. Rc3 Re1 23. Rxe1 Bxd4 24. Rd1 Bxc3+ 25. Kxc3 Re8 26. Rd4 Kc7 27. Bd3 Re7 28. Bxh7 Bxg2 29. Bd3 Bf3 30. Rc4+ Kd6 31. Rd4+ Kc7 32. Rc4+ Kd6 33. Rd4+ Ke5 1/2-1/2

[Event "BAN Games Blitz 9th"]
[Site "Dhaka"]
[Date "2021.04.03"]
[Round "3.1"]
[White "Islam, Khandaker Aminul"]
[Black "Reefat, Bin Sattar"]
[Result "0-1"]
[WhiteElo "2210"]
[BlackElo "2401"]
[PlyCount "48"]
[EventDate "2021.04.03"]
[EventType "swiss (blitz)"]
[EventRounds "9"]
[EventCountry "BAN"]
[SourceTitle "CBM 201 Extra"]
[Source "ChessBase"]
[SourceDate "2021.05.31"]
[SourceVersion "1"]
[SourceVersionDate "2021.05.31"]
[SourceQuality "1"]

1. Nf3 d5 2. d4 Nf6 3. Bf4 c5 4. e3 Nc6 5. Nbd2 cxd4 6. exd4 Qb6 7. Nb3 Bg4 8. h3 Bxf3 9. Qxf3 e6 10. c3 a5 11. Qe2 a4 12. Nc1 a3 13. b3 Ne4 14. Bd2 Bd6 15. Nd3 Rc8 16. Rc1 0-0 17. g3 e5 18. dxe5 Nxe5 19. Be3 d4 20. Bxd4 Qxd4 21. cxd4 Nxd3+ 22. Qxd3 Rxc1+ 23. Ke2 Re8 24. Bg2 Nc5+ 0-1

[Event "BAN Games Blitz 9th"]
[Site "Dhaka"]
[Date "2021.04.03"]
[Round "2.1"]
[White "Reefat, Bin Sattar"]
[Black "Mohammed Abdul, Malek"]
[Result "1-0"]
[WhiteElo "2401"]
[BlackElo "2125"]
[PlyCount "103"]
[EventDate "2021.04.03"]
[EventType "swiss (blitz)"]
[EventRounds "9"]
[EventCountry "BAN"]
[SourceTitle "CBM 201 Extra"]
[Source "ChessBase"]
[SourceDate "2021.05.31"]
[SourceVersion "1"]
[SourceVersionDate "2021.05.31"]
[SourceQuality "1"]

1. e4 d5 2. exd5 Qxd5 3. Nc3 Qd6 4. d4 Nf6 5. Nf3 a6 6. g3 e6 7. Bg2 Be7 8. 0-0 0-0 9. Qe2 Nc6 10. Rd1 Nb4 11. Bf4 Qd8 12. Be5 c6 13. Na4 b5 14. Nc5 Nbd5 15. a4 b4 16. a5 Ra7 17. Nd2 Nd7 18. Nd3 Nxe5 19. Nxe5 Qc7 20. Qc4 Re8 21. Qxc6 Bd7 22. Qxd7 Qxd7 23. Nxd7 Rxd7 24. Rac1 Rc8 25. Bf1 Rc6 26. Bc4 Rdc7 27. Bb3 Kf8 28. Re1 Bf6 29. Re4 g6 30. Rce1 Kg7 31. h4 Rxc2 32. Bxc2 Rxc2 33. Nb3 Rxb2 34. Nc5 Ra2 35. R4e2 Rxa5 36. Rd1 Nc3 37. Red2 Nxd1 38. Rxd1 Bxd4 39. Nb3 Rd5 40. Rxd4 Rb5 41. Rd6 a5 42. Ra6 Rd5 43. Rxa5 Rd3 44. Nc5 Rc3 45. Rb5 Rc4 46. Nb3 h5 47. Kg2 f5 48. Nd2 Rd4 49. Nf3 Re4 50. Ng5 Rc4 51. Rb7+ Kf6 52. f4 1-0

[Event "BAN Games Rapid 9th"]
[Site "Dhaka"]
[Date "2021.04.02"]
[Round "1.4"]
[White "Masum, Hossain"]
[Black "Reefat, Bin Sattar"]
[Result "0-1"]
[WhiteElo "2061"]
[BlackElo "2401"]
[PlyCount "64"]
[EventDate "2021.04.02"]
[EventType "swiss (rapid)"]
[EventRounds "9"]
[EventCountry "BAN"]
[SourceTitle "CBM 201 Extra"]
[Source "ChessBase"]
[SourceDate "2021.05.31"]
[SourceVersion "1"]
[SourceVersionDate "2021.05.31"]
[SourceQuality "1"]

1. d4 e6 2. c4 b6 3. Nc3 Bb7 4. e4 Bb4 5. Bd3 f5 6. f3 Qh4+ 7. g3 Qh5 8. e5 c5 9. a3 Bxc3+ 10. bxc3 Nc6 11. Be3 Nge7 12. h4 cxd4 13. cxd4 f4 14. g4 Qf7 15. Bf2 h5 16. Nh3 hxg4 17. Ng5 Qh5 18. fxg4 Qxg5 19. hxg5 Rxh1+ 20. Bf1 Na5 21. Qd3 Rc8 22. Rc1 b5 23. c5 Nc4 24. Ke2 Kf7 25. Rxc4 bxc4 26. Qxc4 Rb8 27. Kd2 Bd5 28. Qa6 Rb2+ 29. Kc3 Rxf2 30. Bd3 Rc1+ 31. Kb4 Rb2+ 32. Ka5 Nc6+ 0-1